| 000 | 00546nam a2200169 i 4500 | ||
|---|---|---|---|
| 001 | 26254 | ||
| 003 | ES-MaACL | ||
| 005 | 20230906153418.0 | ||
| 007 | t| | ||
| 008 | 030108s1970 sp ||||1| spa d | ||
| 100 | 1 |
_aArozamena, Jesús María de. _923173 |
|
| 245 | 1 | 0 |
_aIgnacio Zuloaga, el pintor, el hombre / _cJesús Mª de Arozamena. |
| 250 | _a[1ª ed.]. | ||
| 260 |
_a[San Sebastián] : _bSociedad Guipuzcoana de Ediciones y Publicaciones, _c1970. |
||
| 300 |
_a414 p., 15 lám. n. y col. ; _c26 cm. |
||
| 852 |
_aES-MaACL _jC-37303 _bR.75519 |
||
| 999 |
_c26254 _d26254 |
||